| 000 | 00497nam a22001697a 4500 | ||
|---|---|---|---|
| 008 | 160527b xxu||||| |||| 00| 0 eng d | ||
| 020 | _a9789719449324 | ||
| 082 |
_22009 _aDFil 650.01 _bB21 |
||
| 100 |
_99429 _aBallada, Win |
||
| 245 |
_aInvestment mathematics: _bmade easy/ _cWin Ballada |
||
| 250 | _a3rd Edition | ||
| 260 |
_aManila: _bMade Easy Books, _cc2009. |
||
| 300 |
_ax, 320 pages: _c25 cm. |
||
| 650 | 0 |
_99434 _aBusiness mathematics |
|
| 700 |
_99435 _aBallada, Susan |
||
| 942 |
_2ddc _cDFIL |
||
| 999 |
_c2838 _d2838 |
||